Historical Figures of the 20th Century - Statistics

General Stats
  • This quiz has been taken 83 times
  • The average score is 12 of 15
Answer Stats
Hint Answer % Correct
Leader of Nazi Germany Adolf Hitler
100%
Soviet World War II Leader Josef Stalin
94%
British P.M. after 1940 Winston Churchill
87%
Italian Fascist Duce Benito Mussolini
86%
"We will go to the moon" President John Kennedy
84%
Soviet Leader 1985-1991 Mikhail Gorbachev
84%
Watergate President Richard Nixon
83%
Pres. of the USA 1981-1989 Ronald Reagan
81%
Imperial Japanese Emperor during World War II Hirohito
79%
Last Russian Tzar Nicholas II
74%
German Kaiser of World War I Wilhelm II
73%
British P.M. At the beginning of World War II Neville Chamberlain
69%
First North-Vietnamese Leader Ho Chi Minh
66%
Shutchstaffel, S.S., Leader Heinrich Himmler
61%
First C.C.P. Leader Mao Zedong
56%
No matching quizzes found
Score Distribution
Percent of People with Each Score
Percentile by Number Answered
Your Score History
You have not taken this quiz